00605nam a2200205 a 4500001001300000003000900013005001700022008004100039020002300080082001300103100002500116245004600141260005800187300000900245500003500254505002700289650002400316650003400340700002500374nice12345678IN_TiNIC20260116012643.0080204s1979 unia grp 000 0 eng  a0884920259 c20000a925bMAR aMarshall, Oscar Seth aJourneyman Machinisten Route to the Stars aUnited State bWm. S. Sullwold Publishing, Inc c1979 a156p aincludes index and biblioraphy2 aEpilogue, Notes, Index aBiography-Scientist aOscar Seth Marshall-Biography1 aMarshall, Oscar Seth